000 00685nam a22002177a 4500
005 20250423102933.0
008 250423b |||||||| |||| 00| 0 eng d
020 _a9789354249136
040 _cAIMIT LIBRARY
082 _26
_a338.5
_bBESD
100 _aBesanko, David.
_9208678
245 _aMicroeconomics /
_cBy David Besanko and Ronald Braeutigam.
250 _a6th ed.
260 _aNew Delhi :
_bWiley ,
_c2021.
300 _axxix,756,A18,S24,I7P. ;
_bPB
_c28.3 cm
650 _aConsumer theory
_9208679
650 _aProduction and cost theory
_9208680
650 _aPerfect competition
_9208681
700 _aBraeutigam, Ronald.
_9208682
942 _2ddc
_cBK
_e6th
_k338.5 BESD
999 _c234214
_d234214